ՀՀ Գիտությունների ազգային ակադեմիայի հիմնարար գիտական գրադարան  =   Fundamental Scientific Library of NAS RA

Քո ընկեր Վոլոդյա Ուլյանովը : (Record no. 115550)

MARC details
000 -LEADER
fixed length control field 01030nam a2200253 a 4500
001 - CONTROL NUMBER
control field 000312095
003 - CONTROL NUMBER IDENTIFIER
control field AM-YeHGA
005 - DATE AND TIME OF LATEST TRANSACTION
control field 20250618072006.0
008 - FIXED-LENGTH DATA ELEMENTS--GENERAL INFORMATION
fixed length control field 040225s1970 ai |||||r|||||||||0|arm|d
040 ## - CATALOGING SOURCE
Original cataloging agency AM-YeHGA
041 1# - LANGUAGE CODE
Language code of text/sound track or separate title arm
Language code of original rus
080 ## - UNIVERSAL DECIMAL CLASSIFICATION NUMBER
Universal Decimal Classification number P2
090 ## - LOCALLY ASSIGNED LC-TYPE CALL NUMBER (OCLC); LOCAL CALL NUMBER (RLIN)
Classification number (OCLC) (R) ; Classification number, CALL (RLIN) (NR) Ս-92
090 ## - LOCALLY ASSIGNED LC-TYPE CALL NUMBER (OCLC); LOCAL CALL NUMBER (RLIN)
-- 116894
245 10 - TITLE STATEMENT
Title Քո ընկեր Վոլոդյա Ուլյանովը :
Remainder of title [Պատմվածքներ] /
Statement of responsibility, etc. Լ.Դ. Սուզան ; Թարգմ.՝ Գ. Վիրապյան ; Խմբ.՝ Վ.Հ. Բաբայան ; Նկ.՝ Տ.Հ. Մանուկյան.
260 ## - PUBLICATION, DISTRIBUTION, ETC.
Place of publication, distribution, etc. Երևան :
Name of publisher, distributor, etc. Հայաստան,
Date of publication, distribution, etc. 1970.
300 ## - PHYSICAL DESCRIPTION
Extent 38 էջ :
Other physical details նկ. ;
Dimensions 16 սմ.
600 10 - SUBJECT ADDED ENTRY--PERSONAL NAME
Personal name Լենին, Վլադիմիր Իլյիչ,
Dates associated with a name 1870-1924
9 (RLIN) 5803
650 10 - SUBJECT ADDED ENTRY--TOPICAL TERM
Topical term or geographic name entry element Ռուս գրականություն
General subdivision Պատմվածք
9 (RLIN) 4645
700 1# - ADDED ENTRY--PERSONAL NAME
Personal name Վիրապյան, Գևորգ Վահանի,
Dates associated with a name 1917-1977
Relator term թարգմ.
Relationship trl
700 1# - ADDED ENTRY--PERSONAL NAME
Personal name Բաբայան, Վարդգես Հակոբի,
Dates associated with a name 1925-2005
Relator term խմբ.
Relationship edt
9 (RLIN) 1703
700 1# - ADDED ENTRY--PERSONAL NAME
Personal name Մանուկյան, Տ.Հ.
Relator term նկ.
Relationship art
942 ## - ADDED ENTRY ELEMENTS (KOHA)
Source of classification or shelving scheme Universal Decimal Classification
Koha item type Գրքեր / Books
Holdings
Withdrawn status Lost status Damaged status Not for loan Collection Home library Current library Date acquired Total checkouts Full call number Barcode Date last seen Cost, replacement price Price effective from Koha item type Public note
        General Fundamental Scientific Library Fundamental Scientific Library 22/12/2016   AI/10852 FL0048716 22/12/2016 6.00 22/12/2016 Գրքեր / Books 30 Days Loan
        General Fundamental Scientific Library Fundamental Scientific Library 22/12/2016   AI/10853 FL0048715 22/12/2016 6.00 22/12/2016 Գրքեր / Books 30 Days Loan


ՀՀ ԳԱԱ հիմնարար գիտական գրադարան
ՀՀ,Երևան 0019
Մարշալ Բաղրամյան 24/6
հեռախոս:(374-10) 52-47-50
Հետադարձ կապ

All site content, except where otherwise noted, is licensed under a
Creative Commons License